000 00921nam a22002057a 4500
005 20240412114854.0
010 _aHIN-121319-21
020 _a978-1-63832-628-1
_c160.00
035 _aHN-93665-68
037 _bDBAD/PUB
082 _a821
_b1
100 _aचिंतन, शुभ
_964653
245 _aएक इद्रधनुष शतरंगी;
_bसौ रंग, सौकविताओं मे/
_cशुभ चिंतन
250 _a2021
260 _aतमिलनाडु
_bनोटिशन प्रेस
_c2021
270 _aनं-8, 3 क्रॉस गली सीइटी कॉलोनी,म्यलापोरे चेन्नई
_bतमिलनाडु
_e600004
300 _a156पृ.
_c21(अजिल्द)
_bपरिचय, पुस्तक का परिचय,
700 _a
_961348
942 _2ddc
_cHN
_h821
_mशुभचिं
999 _c182837
_d182837